Gemeenten van Groningen (2026) - Statistieken

Algemene statistieken
  • Deze quiz is 125 keer genomen
  • De gemiddelde score is 6 van 10
Antwoorden op de kaart
Antwoorden kleurgecodeerd door een groen-rode schaal op de quizkaart volgens % correct hieronder.
 
Antwoordstatistieken
Antwoord % Correct
Groningen
98%
Stadskanaal
66%
Veendam
66%
Het Hogeland
64%
Midden-Groningen
61%
Pekela
61%
Westerwolde
55%
Eemsdelta
45%
Oldambt
45%
Westerkwartier
41%
Geen overeenkomende quizzen gevonden
Scoreverdeling
Procent van Mensen met Elke Score
Percentiel versus Aantal Correcte Antwoorden
Uw Scoregeschiedenis
U heeft deze quiz nog niet genomen